Desarrollo de la tecnología 5G en Colombia / (Registro nro. 4821)

Detalles MARC
000 -LEADER
fixed length control field 01700nam a2200205 4500
005 - DATE AND TIME OF LATEST TRANSACTION
control field 20250329165448.0
008 - FIXED-LENGTH DATA ELEMENTS--GENERAL INFORMATION
fixed length control field 170718s2020 000 0 eng d
040 ## - CATALOGING SOURCE
Original cataloging agency CO-CtgCURN
Language of cataloging spa
Transcribing agency coctgcurn
082 0# - DEWEY DECIMAL CLASSIFICATION NUMBER
Classification number INS 2020
Item number V122
100 1# - MAIN ENTRY--PERSONAL NAME
Personal name Vega Villalba, Yugeidis.
245 10 - TITLE STATEMENT
Title Desarrollo de la tecnología 5G en Colombia /
Statement of responsibility, etc. Luis Manuel Montoya Yepes.
260 ## - PUBLICATION, DISTRIBUTION, ETC.
Place of publication, distribution, etc. Cartagena de Indias :
Name of publisher, distributor, etc. Corporación Universitaria Rafael Nuñez,
Date of publication, distribution, etc. 2020.
300 ## - PHYSICAL DESCRIPTION
Extent 15 hojas.
504 ## - BIBLIOGRAPHY, ETC. NOTE
Bibliography, etc. note Trabajo de grado (Ingeniero de Sistemas). Corporación Universitaria Rafael Nuñez. Facultad de Ingenieria. Ingenieria de Sistemas, 2020.
520 ## - SUMMARY, ETC.
Summary, etc. "El presente estudio tiene como propósito evaluar la posible llegada de la tecnología 5G a Colombia, esta tecnología no solo pretenderá ampliar la capacidad de redes, dar un nuevo impulso a las comunicaciones móviles si no, también brindara un marco tecnológico necesario para el desarrollo masivo del internet de las cosas e inteligencia artificial para cualquier tipo de usuario. Esta tecnología integra nuevos nivel de flexibilidad, agilidad y seguridad, con la finalidad que la red 5G pueda prestar un mejor servicio que la red actual móvil 4G donde esta pueda satisfacer las necesidades de una enorme variedad de tipos de usuarios y de conexiones."
650 #0 - SUBJECT ADDED ENTRY--TOPICAL TERM
Topical term or geographic name entry element Ingenieria de sistemas
General subdivision Tesis y disertaciones academicas.
856 7# - ELECTRONIC LOCATION AND ACCESS
Public note Click aqui para ver el recurso en texto completo
Uniform Resource Identifier <a href="https://unicurn.sharepoint.com/:b:/s/biblioteca/EQ599ukpKNBPskqWx2eRYUoB2w4a5ynfDbCoBg5w4Q__DA?e=CGbb4G">https://unicurn.sharepoint.com/:b:/s/biblioteca/EQ599ukpKNBPskqWx2eRYUoB2w4a5ynfDbCoBg5w4Q__DA?e=CGbb4G</a>
942 ## - ADDED ENTRY ELEMENTS (KOHA)
Classification part INS 2020
Item part V122
Source of classification or shelving scheme Dewey Decimal Classification
Koha item type Trabajos de grado
Existencias
Withdrawn status Lost status Source of classification or shelving scheme Damaged status Not for loan Collection Home library Current library Shelving location Date acquired Source of acquisition Cost, normal purchase price Inventory number Total checkouts Full call number Barcode Date last seen Copy number Price effective from Koha item type
    Dewey Decimal Classification     Trabajos de grado Miguel Henríquez Castañeda Miguel Henríquez Castañeda Trabajo de grado 01/06/2019 El autor 35000.00 023288   INS 2020 V122 023288 01/06/2019 1 01/06/2019 Trabajos de grado